000 00827cam a22002413a 4500
001 25232
003 PGUSA
005 20140828083537.0
008 080429s2008||||xxu|||||s|||||000 | eng d
040 _aPGUSA
_beng
042 _adc
050 4 _aDA
100 1 _aHunt, William,
_d1842-1931
245 1 4 _aThe Political History of England - Vol. X. :
_bThe History of England from the Accession of George III to the close of Pitt's first Administration
_h[electronic resource] /
_cWilliam Hunt
260 _bProject Gutenberg,
_c2008
506 _aPublic domain in the USA.
516 _aElectronic text
653 _aGreat Britain -- History -- George III, 1760-1820
700 1 _aPoole, Reginald Lane,
_d1857-1939
830 0 _aProject Gutenberg
_v25232
856 4 0 _uhttp://www.gutenberg.org/ebooks/25232
942 _cEB
999 _c254487
_d254487